000 00722nam a22002177a 4500
999 _c17254
_d17254
003 AR-CdUCM
008 190507b ||||| |||| 00| 0 spa d
040 _aMUNICIPALIDAD PROVINCIAL DEL CUSCO
_cBIBLIOTECA MUNICIPAL DEL CUSCO
082 _a530 /
_bM17
100 _aMaiztegui, Jorge A.
_937145
245 _aIntroducción a la física /
260 _aBuenos Aires :
_bKapelusz,
_c1972.
300 _a539 paginas ;
_c20 cm.
500 _aFisica
505 _aContenido: Luz -- Geometria de la luz -- El mundo de la ondas -- Magnetismo -- Energia y corriente electricas...
650 _aFisica
_92382
650 _aOndas
_919014
700 _aSabato, Jorge
_937146
942 _2ddc
_cLIBROS
945 _apjha
_d2019-05-07